000
00298nam a2200133Ia 4500
008
230917s9999||||xx |||||||||||||| ||und||
040
_e
129323
_a
MAIN
041
_a
English
082
_a
811.4 F929P
100
_a
Frost, Robert
245
0
_a
Poetry and prase
300
_a
478p. p.
942
_c
BK
999
_c
185407
_d
185407